000
00309nam a22001337a 4500
008
180903b xxu||||| |||| 00| 0 eng d
020
_a
9780321575166
041
_a
eng
080
_2
7 ED
_a
510
100
_a
37
101
_a
MAT
245
_a
Excursions Modern Mathematics
_c
Tannenbaum.p
942
_2
udc
_c
BK
999
_c
47441
_d
47441